Michael Rakowitz /
Iraqi-American artist Rakowitz reconstructed thousands of artefacts looted from the National Museum of Iraq in Baghdad, and those more recently destroyed at Middle Eastern archaeological sites. Sculptor, detective, draughtsman, and some time chef, Iraqi-American artist Michael Rakowitz (New York, 19...
| Other Authors: | , |
|---|---|
| Format: | Book |
| Language: | English Italian |
| Language Notes: | Text in English and Italian. |
| Published: |
Cinisello Balsamo, Milano :
Silvana editoriale,
[2019]
|
| Subjects: |
MARC
| Tag | First Indicator | Second Indicator | Subfields |
|---|---|---|---|
| LEADER | 00000cam a2200000Ki 4500 | ||
| 001 | in00004139021 | ||
| 008 | 190502t20192019it a bc 000 0deng d | ||
| 005 | 20250318222129.5 | ||
| 020 | |a 9788836643332 | ||
| 020 | |a 8836643337 |q hardcover | ||
| 035 | |a (OCoLC)on1111896390 | ||
| 035 | |a (OCoLC)1111896390 | ||
| 040 | |a C3L |b eng |e rda |c C3L |d OCLCO |d VVPCS |d OCLCF |d CHVBK |d OCLCO |d EUM |d YDXIT |d UtOrBLW | ||
| 041 | 0 | |a eng |a ita | |
| 050 | 4 | |a N6537.R25 |b A4 2019 | |
| 082 | 1 | 4 | |a 709 |2 23 |
| 245 | 0 | 0 | |a Michael Rakowitz / |c drafted by Carolyn Christov-Bakargiev, Marianna Vecellio. |
| 264 | 1 | |a Cinisello Balsamo, Milano : |b Silvana editoriale, |c [2019] | |
| 264 | 4 | |c ©2019 | |
| 300 | |a 213 pages : |b illustrations (chiefly color) ; |c 29 cm | ||
| 336 | |a text |b txt |2 rdacontent | ||
| 337 | |a unmediated |b n |2 rdamedia | ||
| 338 | |a volume |b nc |2 rdacarrier | ||
| 500 | |a Catalog of an itinerant exhibition held at the Whitechapel Gallery, London, England, June 4-August 25, 2019, at the Castello di Rivoli, Turin, Italy, October 7, 2019-January 19, 2020, and at the Jameel Arts Centre, Dubai, United Arab Emirates, March 11-August 30, 2020. | ||
| 500 | |a Bound. | ||
| 546 | |a Text in English and Italian. | ||
| 504 | |a Includes bibliographical references (pages 206-211). | ||
| 505 | 0 | 0 | |t Visual essay -- |t A letter on intentions, people, projects, and enchanted things / |r Carolyn Christov-Bakargiev -- |t Michael Rakowitz: a transatlantic interview / |r Iwona Blazwick -- |t Culinary ghosting: a journey through sweet-and-sour Iraq / |r Ella Shohat -- |t Ties that bind / |r Marianna Vecellio -- |t Take care of the world / |r Habda Rashid -- |t A particulate history / |r Nora Razian -- Works -- End matter -- |t Artist's project. |
| 520 | 8 | |a Iraqi-American artist Rakowitz reconstructed thousands of artefacts looted from the National Museum of Iraq in Baghdad, and those more recently destroyed at Middle Eastern archaeological sites. Sculptor, detective, draughtsman, and some time chef, Iraqi-American artist Michael Rakowitz (New York, 1973) takes his cue from the histories of buildings and objects to create enthralling environments. Moved by both the utopian aspirations and the disasters of modernity, Rakowitz's work focuses on place and time--modernist St. Louis, Art Nouveau Istanbul, post-Taliban Afghanistan, turn of the century Iraq. A consummate storyteller, he explores the fall out of conflict and exile while delighting in the vernacular and activist strategies that communities in extremis adopt to survive. This fully illustrated survey of his most important works is accompanied by an essay by Carolyn Christov-Bakargiev, an interview with Michael Rakowitz by Iwona Blazwick, and a range of perspectives contributed by Habda Rashid, Nora Razian, Ella Shohat, and Marianna Vecellio. | |
| 600 | 1 | 0 | |a Rakowitz, Michael |v Exhibitions. |
| 650 | 0 | |a Art and society |v Exhibitions. |0 http://id.loc.gov/authorities/subjects/sh2009115667 | |
| 600 | 1 | 7 | |a Rakowitz, Michael. |2 fast |0 (OCoLC)fst00508234 |
| 650 | 7 | |a Art and society. |2 fast |0 (OCoLC)fst00815432 | |
| 600 | 1 | 7 | |a Rakowitz, Michael, |d 1973- |2 gnd |0 (DE-588)136329179 |
| 650 | 7 | |a Project-art. |2 gnd |0 (DE-588)4357183-9 | |
| 655 | 7 | |a Exhibition catalogs. |2 fast |0 (OCoLC)fst01424028 | |
| 700 | 1 | |a Rakowitz, Michael, |e artist. |0 http://id.loc.gov/authorities/names/nr2004012544 | |
| 700 | 1 | |a Christov-Bakargiev, Carolyn, |e editor. |0 http://id.loc.gov/authorities/names/n94103385 | |
| 700 | 1 | |a Vecellio, Marianna, |e editor. |0 http://id.loc.gov/authorities/names/no2005067332 | |
| 710 | 2 | |a Whitechapel Art Gallery, |e host institution. |0 http://id.loc.gov/authorities/names/n80050397 | |
| 710 | 2 | |a Castello di Rivoli (Museum : Rivoli, Italy), |e host institution. |0 http://id.loc.gov/authorities/names/n86058874 | |
| 710 | 2 | |a Markaz Jamīl lil-Funūn, |e host institution. |0 http://id.loc.gov/authorities/names/n2019018680 | |
| 852 | 8 | |b pda,print |z This title is available for the library to purchase for your use. Click the "Purchase It For Me" button to place a request. This item may take 5-10 business days to arrive. | |
| 955 | |a Print PDA title | ||
| 961 | |m 565730 | ||
| 999 | f | f | |s df1eb2bb-cc5e-4971-a6d9-0aa4a110302e |i 2aee5e60-d3a3-35a7-bd9c-aaf57d6e2085 |t 0 |
| 952 | f | f | |a Texas A&M University |b College Station |c Sterling C. Evans Library |d Purchase on Demand |t 0 |e N6537.R25 A4 2019 |h Library of Congress classification |
| 998 | f | f | |a N6537.R25 A4 2019 |t 0 |l Purchase on Demand |